| 000 | 00934cam a2200277 4500 | ||
|---|---|---|---|
| 001 | WB3717-24 | ||
| 008 | 000000n2001 000 0 eng u | ||
| 035 | _a(Sirsi) u112261 | ||
| 245 | _aFarmers to be 'keepers of the countryside' | ||
| 260 | _c2001 | ||
| 490 |
_aDaily Telegraph _v28 April 2001, 1(2) |
||
| 520 | _aThe Agriculture Minister has backed the replacement of payments for food production with those for maintaining the traditional landscape and the creation of a Department of Rural Affairs and as a part of government programme of agricultural reform. | ||
| 590 | _aWB | ||
| 650 | _aAGRICULTURAL REFORM | ||
| 650 | _aAGRICULTURE | ||
| 650 | _aFARMERS | ||
| 650 | _aFARMING | ||
| 650 | _aFARMS | ||
| 650 | _aFOOD PRODUCTION | ||
| 650 | _aLAND STEWARDSHIP | ||
| 650 | _aMAFF | ||
| 650 | _aMINISTRY OF AGRICULTURE FISHERIES AND FOOD | ||
| 650 | _aRURAL AFFAIRS | ||
| 690 |
_aRural _96268 |
||
| 942 | _n0 | ||
| 999 |
_c66842 _d66842 |
||